Logos de marcas #1 - Estadísticas

Estadísticas generales
  • Esta prueba ha sido intentada 7.248 veces
  • La puntuación promedio es 15 de 20
Estadísticas de respuestas
Imagen Respuesta % Correcto
Adidas
99%
Amazon
99%
Pepsi
99%
Apple
98%
Monster
98%
Wikipedia
98%
KFC
96%
PlayStation
96%
Pringles
93%
Taco Bell
91%
Carrefour
87%
Pizza Hut
82%
Shell
82%
JetPunk
77%
BP
46%
Target
44%
Dolby
43%
Atari
36%
Yamaha
36%
Firestone
24%
No se encontraron pruebas coincidentes
Distribución de puntuación
Porcentaje de gente con cada puntuación
Porcentaje por número respondido
Historial de tus puntuaciones
No has intentado esta prueba.